=LDR 00000nam 2200000 4500 =001 INLIS000000000031169 =005 20130612133245 =008 ***********************************Ind** =035 ##$$0010-061300000031169 =041 ##$$a Ind =082 ##$$a 664 =090 ##$$a 664, Eff t =100 ##$$a Effendi, Supli =245 ##$$a Teknologi pengolahan dan pengawetan pangan, Supli Effendi =260 ##$$a 2009 $b Bandung =300 ##$$a x, 196 hlm, ilus, 23 cm =650 ##$$a Teknologi Pangan =850 ##$$a NBPNMAT